000 005650000a22001810004500
003 MACL
005 20160410111445.0
008 160410b xxu||||| |||| 00| 0 eng d
040 _aMACL
_cMACL
041 _aHindi
082 _a080
100 _aमार्डन स्‍वेट
_951557
245 _aउन्‍नति की और बढते कदम
260 _aनई दिल्‍ली
_bअनुज पब्लिशिंग
_c2009
350 _a250
650 _aसामान्‍य वर्ग
_936
942 _cHIN
_k080
_2ddc
999 _c46779
_d46779